<?xml version="1.0" encoding="UTF-8"?>
<collection xmlns="http://www.loc.gov/MARC21/slim">
  <record>
    <leader>00000nam  2200000   4500</leader>
    <controlfield tag="001">INLIS000000000000746</controlfield>
    <controlfield tag="005">20180724135953</controlfield>
    <controlfield tag="008">180724|||||||||   |   |||   |||| ||   | </controlfield>
    <datafield tag="035" ind1=" " ind2=" ">
      <subfield code="0">010-0718000746</subfield>
    </datafield>
    <datafield tag="041" ind1=" " ind2=" ">
      <subfield code="a">id</subfield>
    </datafield>
    <datafield tag="082" ind1=" " ind2=" ">
      <subfield code="a">037</subfield>
    </datafield>
    <datafield tag="090" ind1=" " ind2=" ">
      <subfield code="a">R.037 PIM I 2015</subfield>
    </datafield>
    <datafield tag="100" ind1=" " ind2=" ">
      <subfield code="a">Wijayanto Danang</subfield>
    </datafield>
    <datafield tag="245" ind1=" " ind2=" ">
      <subfield code="a">Peningkatan integritas Hakim Dalam Rangka Menjaga Kehormatan Dan Keluhuran Martabat Hakim</subfield>
    </datafield>
    <datafield tag="260" ind1=" " ind2=" ">
      <subfield code="a">Jakarta</subfield>
      <subfield code="b">LAN Jakarta</subfield>
      <subfield code="c">2015</subfield>
    </datafield>
    <datafield tag="300" ind1=" " ind2=" ">
      <subfield code="a">25 hlm, lamp</subfield>
    </datafield>
    <datafield tag="500" ind1=" " ind2=" ">
      <subfield code="a">Komisi Yudisial (KY) merupakan lembaga Negara bersifat mandiri yang dibentuk berdasarkan pasal 24B UUD 1945 Amandemen ketiga. Dalam melaksanakan wewenangnya KY bebas dari campur tangan atau pengaruh kekuasaan lainnya. Komisi Yudisial mempunyai wewenang untuk melakukan rekrutmen calon hakim agung dan mempunyai wewenang lainnya dalam rangka menjaga dan menegakkan kehormatan dan keluhuran martabat hakim.</subfield>
    </datafield>
    <datafield tag="650" ind1=" " ind2=" ">
      <subfield code="a">Integritas Hakim</subfield>
    </datafield>
  </record>
</collection>
